Datum a čas kvízu
38
Celkem bodů
Celkový počet nahraných bodů na tomto kvízu bez doplňovacích otázek.
2.
Pořadí na kvízu
Konečné umístění týmu na tomto kvízu.
Zaznamenané odpovědi
| # | Otázka | Odpověď | Body | Výsledky |
|---|---|---|---|---|
| 1. | V sobotu byla pro návštěvníky... | Bohumil Hrabal, Kersko | 1 | |
| 2. | Buckinghamský palác odhalil v... | D) motýl | 0 | |
| 3. | V úterý byl zahájen 77. ročník... | v Cannes | 0 | |
| 4. | V ženevské pobočce aukční síně... | Michael Schumacher | 1 | |
| 5. | V sobotu se v Rijádu konal dlo... | Tyson Fury, Oleksandr Usyk | 1 | |
| 6. | Jména Mnata, Vojen či Vnislav... | A | 1 | |
| 7. | K Janu Žižkovi se váže jistá p... | C | 1 | |
| 8. | Před kněžnou Libuší stanuli dv... | A | 1 | |
| 9. | O hřbitovním kostele sv. Maří... | Svatební košile | 1 | |
| 10. | Pokud dokážete určit, co tento... | Stadice | 1 |